=LDR 00000nam 2200000 4500 =001 INLIS000000000023871 =005 20201221092452 =035 ##$$a 0010-061300000023871 =008 201221################g##########0#ind## =041 ##$$a Ind =082 ##$$a 310 =090 ##$$a 610.212, Bra-d =245 ##$$a Dasar-dasar statistikn kedokteran, /$c Penerjemah, Dokter Efendi Oswari =260 ##$$a Jakarta :$b Pustka Bumi Asih,$c 1980 =300 ##$$a 412 hlm. ; $c 20 x 14 cm. =650 #4$$a Statistik Kedokteran =850 ##$$a NBPNMAT =084 ##$$a 310 DAS =250 ##$$a cet. 1 =700 #$$a Efendi Oswari =990 ##$$a 13812/pro-84